[Event "AUT-chT 2122"]
[Site "Austria"]
[Date "2022.03.25"]
[Round "6.3"]
[White "Amann, Harald"]
[Black "Kosc, Renata"]
[Result "0-1"]
[WhiteElo "1921"]
[BlackElo "1976"]
[PlyCount "92"]
[EventDate "2021.11.04"]
[EventType "team-tourn"]
[EventRounds "11"]
[EventCountry "AUT"]
[SourceTitle "EXT 2023"]
[Source "ChessBase"]
[SourceDate "2022.10.05"]
[SourceVersion "1"]
[SourceVersionDate "2022.10.05"]
[SourceQuality "1"]
[WhiteTeam "Bregenz"]
[BlackTeam "Pamhagen"]
[WhiteTeamCountry "AUT"]
[BlackTeamCountry "AUT"]

1. d4 f5 2. h3 Nf6 3. g4 d5 4. g5 Ne4 5. Nf3 e6 6. c3 c5 7. e3 Nc6 8. Bb5 Bd7 9. Nbd2 Nxg5 10. Bxc6 Nxf3+ 11. Nxf3 Bxc6 12. a4 g6 13. b3 Bd6 14. dxc5 Bxc5 15. Ba3 Bxa3 16. Qd4 0-0 17. Rxa3 f4 18. 0-0 Rf5 19. b4 Qe7 20. exf4 Raf8 21. Ne5 Rxf4 22. Qe3 Qg5+ 23. Kh2 Qf5 24. Ng4 Kg7 25. f3 h5 26. Ne5 Rh4 27. f4 Rxf4 28. Rxf4 Qxf4+ 29. Qxf4 Rxf4 30. Nxc6 bxc6 31. b5 Rc4 32. Rb3 cxb5 33. axb5 Rc5 34. h4 Kf6 35. Kg2 Kf5 36. Kf3 e5 37. Ke3 g5 38. hxg5 Kxg5 39. Kd3 h4 40. b6 axb6 41. Rxb6 Rc7 42. Rd6 h3 43. Rxd5 Kf4 44. Kc2 h2 45. Rd1 Rh7 46. Rh1 e4 0-1

[Event "AUT-chT 1920"]
[Site "Austria"]
[Date "2019.10.13"]
[Round "4.3"]
[White "Yankelevich, Lev"]
[Black "Amann, Harald"]
[Result "1-0"]
[WhiteElo "2480"]
[BlackElo "1940"]
[PlyCount "87"]
[EventDate "2019.10.10"]
[EventType "team-tourn"]
[EventRounds "11"]
[EventCountry "AUT"]
[SourceTitle "EXT 2020"]
[Source "ChessBase"]
[SourceDate "2019.10.17"]
[SourceVersion "1"]
[SourceVersionDate "2019.10.17"]
[SourceQuality "1"]
[WhiteTeam "Jenbach"]
[BlackTeam "Bregenz"]
[WhiteTeamCountry "AUT"]
[BlackTeamCountry "AUT"]

1. d4 Nf6 2. c4 e6 3. Nf3 d5 4. Nc3 Be7 5. Bf4 c6 6. e3 0-0 7. Bd3 dxc4 8. Bxc4 Nd5 9. Bg3 Nxc3 10. bxc3 Qa5 11. Qd3 Nd7 12. 0-0 Rd8 13. a4 b6 14. Bc7 Re8 15. e4 Bb7 16. Rfe1 Rac8 17. Bf4 Rcd8 18. h3 Qh5 19. Rad1 Nf6 20. Ne5 Nd7 21. Nf3 Nf6 22. Bc7 Rc8 23. Bh2 Rcd8 24. Ba6 Ba8 25. Bc7 Rd7 26. Bf4 Rdd8 27. Qc2 Qa5 28. Bd3 h6 29. c4 Bb4 30. Re3 Bb7 31. g4 Nd7 32. Bc7 Rc8 33. Bg3 Bf8 34. Rb1 Ba8 35. h4 Red8 36. g5 g6 37. e5 c5 38. Bxg6 cxd4 39. Nxd4 Qc5 40. Bxf7+ Kxf7 41. Qh7+ Bg7 42. g6+ Ke8 43. Nxe6 Qc6 44. Qg8+ 1-0

[Event "AUT-chT 1920"]
[Site "Austria"]
[Date "2019.10.12"]
[Round "3.4"]
[White "Amann, Harald"]
[Black "Freitag, Manfred"]
[Result "0-1"]
[WhiteElo "1940"]
[BlackElo "2361"]
[PlyCount "90"]
[EventDate "2019.10.10"]
[EventType "team-tourn"]
[EventRounds "11"]
[EventCountry "AUT"]
[SourceTitle "EXT 2020"]
[Source "ChessBase"]
[SourceDate "2019.10.17"]
[SourceVersion "1"]
[SourceVersionDate "2019.10.17"]
[SourceQuality "1"]
[WhiteTeam "Bregenz"]
[BlackTeam "Fuerstenfeld"]
[WhiteTeamCountry "AUT"]
[BlackTeamCountry "AUT"]

1. d4 Nf6 2. c4 g6 3. Nc3 Bg7 4. e4 d6 5. Be2 0-0 6. Nf3 e5 7. dxe5 dxe5 8. Qxd8 Rxd8 9. Bg5 c6 10. h3 Re8 11. Nd2 Na6 12. Be3 Nd7 13. a3 Nac5 14. Rd1 a5 15. 0-0 a4 16. Rfe1 Ne6 17. Nf3 Ndc5 18. Bf1 Nb3 19. Nb1 Nbd4 20. Nxd4 exd4 21. Bc1 Nc5 22. Nd2 f5 23. Nf3 Nb3 24. Bd3 c5 25. Bf4 Bd7 26. exf5 Bxf5 27. Bxf5 gxf5 28. Kf1 Re4 29. Rxe4 fxe4 30. Nd2 Nxd2+ 31. Bxd2 b5 32. cxb5 Rb8 33. Re1 Rxb5 34. Bc1 d3 35. Rxe4 Bxb2 36. Bxb2 Rxb2 37. Ke1 Rc2 38. Rxa4 c4 39. Ra8+ Kf7 40. Rd8 Ke6 41. g4 Ke5 42. g5 Rb2 43. h4 c3 44. Rxd3 Rb1+ 45. Ke2 c2 0-1

[Event "AUT-chT2W 1617"]
[Site "Austria"]
[Date "2016.11.25"]
[Round "4.4"]
[White "Amann, Harald"]
[Black "Ager, Josef"]
[Result "0-1"]
[WhiteElo "2049"]
[BlackElo "2144"]
[PlyCount "106"]
[EventDate "2016.10.28"]
[EventType "team-tourn"]
[EventRounds "11"]
[EventCountry "AUT"]
[SourceTitle "EXT 2018"]
[Source "ChessBase"]
[SourceDate "2017.10.13"]
[SourceVersion "1"]
[SourceVersionDate "2017.10.13"]
[SourceQuality "1"]
[WhiteTeam "Bregenz II"]
[BlackTeam "Ranshofen"]
[WhiteTeamCountry "AUT"]
[BlackTeamCountry "AUT"]

1. Nf3 Nf6 2. c4 g6 3. b3 Bg7 4. Bb2 d6 5. d4 0-0 6. Nc3 Nc6 7. e4 Bg4 8. Be2 e5 9. d5 Bxf3 10. Bxf3 Nd4 11. g3 Nxf3+ 12. Qxf3 Nd7 13. 0-0 f5 14. Qe2 f4 15. f3 h5 16. Qg2 Kh7 17. Rad1 a6 18. g4 Qg5 19. gxh5 Qxh5 20. Qg4 Qxg4+ 21. fxg4 Bf6 22. Kg2 b5 23. cxb5 axb5 24. b4 Nb6 25. Rf3 Nc4 26. Rh3+ Kg7 27. Bc1 Rfb8 28. Rf1 Bg5 29. Rff3 Rb6 30. Kf1 c5 31. dxc6 Rxc6 32. Rd3 Ne3+ 33. Bxe3 fxe3 34. Nd1 Rc1 35. a3 Rf8+ 36. Ke2 Rc2+ 37. Ke1 e2 38. Nf2 Rc1+ 39. Kxe2 Rc2+ 40. Ke1 Rfxf2 41. Rxd6 Rce2+ 42. Kd1 Rxe4 43. Rd7+ Rf7 44. Rh7+ Kxh7 45. Rxf7+ Kh6 46. Rb7 Rd4+ 47. Ke2 Rd5 48. Kf3 Rd3+ 49. Kf2 e4 50. Rxb5 Rxa3 51. Re5 Bf4 52. Rxe4 Bxh2 53. Rc4 Rb3 0-1

[Event "AUT-chT2W 0001"]
[Site "Austria"]
[Date "2000.10.27"]
[Round "1.5"]
[White "Hengl, Christian"]
[Black "Amann, Harald"]
[Result "1-0"]
[WhiteElo "2230"]
[BlackElo "2182"]
[PlyCount "73"]
[EventDate "2000.??.??"]
[EventType "team"]
[EventRounds "9"]
[EventCountry "AUT"]
[SourceTitle "EXT 2002"]
[Source "ChessBase"]
[SourceDate "2001.11.25"]
[SourceVersion "1"]
[SourceVersionDate "2001.11.25"]
[SourceQuality "1"]

1. e4 c5 2. Nc3 Nc6 3. g3 Nf6 4. Bg2 d6 5. h3 Bd7 6. f4 e5 7. d3 h6 8. Nge2 Nd4 9. Be3 Be7 10. Qd2 b5 11. 0-0-0 b4 12. Nd5 a5 13. Kb1 a4 14. Bxd4 exd4 15. Nxe7 Kxe7 16. e5 Ne8 17. Bxa8 Qxa8 18. Rhe1 Bxh3 19. exd6+ Kd7 20. Ng1 Bg4 21. Rc1 Nxd6 22. Re5 Qc6 23. Rce1 Re8 24. Qh2 f6 25. Rxe8 Nxe8 26. Nh3 Nd6 27. Nf2 Qf3 28. Nxg4 Qxg4 29. Qg2 Qf5 30. Qe2 Kc6 31. Qf3+ Kd7 32. g4 Qg6 33. f5 Qf7 34. Qa8 Kc7 35. Re6 Qd7 36. Qf8 Nc8 37. Qxc5+ 1-0

[Event "AUT-chT2W 9899"]
[Site "Austria"]
[Date "1998.11.29"]
[Round "4.3"]
[White "Amann, Harald"]
[Black "Micheli, Carlo"]
[Result "0-1"]
[WhiteElo "2225"]
[BlackElo "2250"]
[PlyCount "63"]
[EventDate "1998.10.??"]
[EventType "team"]
[EventRounds "9"]
[EventCountry "AUT"]
[SourceTitle "EXT 2000"]
[Source "ChessBase"]
[SourceDate "1999.11.16"]
[SourceVersion "1"]
[SourceVersionDate "1999.11.16"]
[SourceQuality "1"]

1. d4 d6 2. c4 e5 3. d5 f5 4. Nc3 Nf6 5. Bg5 Be7 6. Nf3 Na6 7. b4 0-0 8. Qb3 Kh8 9. 0-0-0 Ng4 10. Be3 e4 11. Nd4 Bg5 12. Bxg5 Qxg5+ 13. Rd2 Nxf2 14. Rg1 Qe3 15. Nc2 Nd3+ 16. exd3 Qxg1 17. Rd1 exd3 18. Bxd3 Qxg2 19. Nd4 c5 20. dxc6 bxc6 21. Be2 Rb8 22. a3 c5 23. Ndb5 cxb4 24. axb4 Bd7 25. Rxd6 Bxb5 26. cxb5 Nc7 27. Qc4 Ne8 28. Rc6 Nf6 29. Bd3 Rbd8 30. b6 axb6 31. b5 Ng4 32. Nd1 0-1

[Event "AUT-chT3 9798"]
[Site "Vorarlberg "]
[Date "1997.10.17"]
[Round "2"]
[White "Amann, Harald"]
[Black "Atlas, Dimitry"]
[Result "0-1"]
[WhiteElo "2040"]
[BlackElo "2315"]
[PlyCount "46"]
[EventDate "1997.??.??"]
[EventType "team-tourn"]
[EventRounds "9"]
[EventCountry "AUT"]
[SourceTitle "EXT 1999"]
[Source "ChessBase"]
[SourceDate "1998.11.16"]
[SourceVersion "1"]
[SourceVersionDate "1998.11.16"]
[SourceQuality "1"]

1. c4 c6 2. d4 d5 3. Bf4 Nf6 4. Nc3 e6 5. Nf3 dxc4 6. a4 Nd5 7. Bd2 Be7 8. e4 Nxc3 9. Bxc3 b5 10. Qd2 0-0 11. b3 cxb3 12. axb5 Bb7 13. bxc6 Bxc6 14. Bd3 Nd7 15. 0-0 Nf6 16. Rfe1 Qb6 17. Ra5 Rab8 18. Rg5 Bxe4 19. Rb5 Qxb5 20. Bxb5 Rxb5 21. Ng5 Bf5 22. g4 Bxg4 23. Qf4 Bh5 0-1

[Event "AUT-chT 9697"]
[Site "Vorarlberg"]
[Date "1996.??.??"]
[Round "?"]
[White "Amann, Harald"]
[Black "Spiegel, Wilfried"]
[Result "1-0"]
[WhiteElo "2015"]
[BlackElo "2190"]
[PlyCount "77"]
[EventDate "1996.??.??"]
[EventType "team"]
[EventRounds "9"]
[EventCountry "AUT"]
[SourceTitle "EXT 1999"]
[Source "ChessBase"]
[SourceDate "1998.11.16"]
[SourceVersion "1"]
[SourceVersionDate "1998.11.16"]
[SourceQuality "1"]

1. Nf3 d5 2. g3 c5 3. Bg2 g6 4. 0-0 Bg7 5. d3 Nc6 6. Nbd2 Nf6 7. e4 0-0 8. c3 b6 9. Re1 dxe4 10. dxe4 Bb7 11. e5 Nd7 12. e6 fxe6 13. Ng5 Qc8 14. Nxe6 Rf6 15. Nxg7 Kxg7 16. Ne4 Rf7 17. Bh3 Nce5 18. f4 Bxe4 19. Rxe4 Qb7 20. Rxe5 Nxe5 21. fxe5 Raf8 22. Bf4 Re8 23. Qd2 e6 24. Rd1 Qe4 25. b3 a5 26. Rf1 Qb7 27. Bh6+ Kg8 28. Rxf7 Qxf7 29. Bg5 Qc7 30. Qd6 Qf7 31. Bf6 h6 32. Qxb6 a4 33. bxa4 Qd7 34. Qd6 Qa7 35. Bxe6+ Kh7 36. Qd7+ Qxd7 37. Bxd7 Rf8 38. e6 Rxf6 39. e7 1-0

[Event "AUT-chT2W 9495"]
[Site "Austria"]
[Date "1995.??.??"]
[Round "?.5"]
[White "Amann, Harald"]
[Black "Schneider, E."]
[Result "0-1"]
[WhiteElo "2015"]
[BlackElo "1875"]
[PlyCount "100"]
[EventDate "1994.??.??"]
[EventType "team"]
[EventRounds "9"]
[EventCountry "AUT"]
[SourceTitle "EXT 1999"]
[Source "ChessBase"]
[SourceDate "1998.11.16"]
[SourceVersion "1"]
[SourceVersionDate "1998.11.16"]
[SourceQuality "1"]

1. Nf3 c5 2. g3 Nc6 3. Bg2 e5 4. e4 d6 5. h3 Be6 6. Nc3 h6 7. d3 Qd7 8. Be3 Nf6 9. Qd2 Nd4 10. g4 Nxf3+ 11. Bxf3 Nh7 12. Ne2 Be7 13. Ng3 d5 14. exd5 Bxd5 15. Bxd5 Qxd5 16. Qa5 0-0 17. 0-0-0 b6 18. Qa4 Bg5 19. h4 Bxe3+ 20. fxe3 b5 21. Nf5 Qxh1 22. Qa6 Qf3 23. Qd6 Qxg4 24. Qxe5 Rfe8 25. Qxc5 Nf8 26. e4 Qf4+ 27. Kb1 Qe5 28. Qf2 Kh7 29. Ng3 Ne6 30. Rf1 Re7 31. c3 g6 32. d4 Qg7 33. e5 Rd8 34. Ne4 g5 35. Qc2 Kh8 36. h5 Nf4 37. Nf6 Re6 38. Qb3 a6 39. a4 bxa4 40. Qxa4 Nxh5 41. Ng4 Qg6+ 42. Ka1 Nf4 43. Qa5 Rb8 44. Nf6 Reb6 45. Rf2 Nd3 46. Rh2 Nxb2 47. Qd5 Nc4 48. Ne4 Rb5 49. Qxc4 Ra5+ 50. Ra2 Rxa2+ 0-1

[Event "AUT-chT 9596"]
[Site "Vorarlberg"]
[Date "1995.??.??"]
[Round "5"]
[White "Amann, Harald"]
[Black "Stein, Michael"]
[Result "1-0"]
[WhiteElo "2000"]
[BlackElo "1795"]
[PlyCount "73"]
[EventDate "1995.??.??"]
[EventType "team"]
[EventRounds "9"]
[EventCountry "AUT"]
[SourceTitle "EXT 1999"]
[Source "ChessBase"]
[SourceDate "1998.11.16"]
[SourceVersion "1"]
[SourceVersionDate "1998.11.16"]
[SourceQuality "1"]

1. Nf3 c6 2. c4 d5 3. b3 Bf5 4. e3 Nf6 5. Bb2 e6 6. Be2 Nbd7 7. 0-0 Bd6 8. Re1 g5 9. d3 g4 10. Nh4 Ne5 11. Nxf5 exf5 12. cxd5 Nxd5 13. Nd2 Rg8 14. g3 Qc7 15. e4 Ne7 16. exf5 0-0-0 17. f6 Nd5 18. Nc4 Nxc4 19. bxc4 Nf4 20. Bxg4+ Kb8 21. Bf5 h5 22. Qf3 h4 23. Re7 Bxe7 24. fxe7 Rde8 25. Re1 hxg3 26. hxg3 Rxe7 27. Rxe7 Qxe7 28. Qxf4+ Ka8 29. Be4 f6 30. Qxf6 Qb4 31. Kg2 Rf8 32. Qc3 Qc5 33. d4 Qh5 34. Bf3 Qh6 35. d5 cxd5 36. Bxd5 Qb6 37. Qd4 1-0

[Event "AUT-chT2W 9495"]
[Site "Austria"]
[Date "1994.??.??"]
[Round "?.5"]
[White "Amann, Harald"]
[Black "Drexel, Christof"]
[Result "0-1"]
[WhiteElo "2000"]
[BlackElo "1855"]
[PlyCount "154"]
[EventDate "1994.??.??"]
[EventType "team"]
[EventRounds "9"]
[EventCountry "AUT"]
[SourceTitle "EXT 1999"]
[Source "ChessBase"]
[SourceDate "1998.11.16"]
[SourceVersion "1"]
[SourceVersionDate "1998.11.16"]
[SourceQuality "1"]

1. d4 d5 2. Bf4 Nf6 3. e3 e6 4. Bd3 Bd6 5. Bg3 0-0 6. Nf3 Nc6 7. 0-0 Bxg3 8. hxg3 Re8 9. Ne5 Nxe5 10. dxe5 Nd7 11. Qh5 g6 12. Qh6 Nxe5 13. Nd2 f5 14. Be2 Qf6 15. c3 c5 16. Rad1 Bd7 17. f4 Nf7 18. Qh2 Bc6 19. Bf3 Rad8 20. g4 e5 21. gxf5 Qxf5 22. g4 Qf6 23. Nb3 b6 24. Qg2 exf4 25. exf4 Qxf4 26. Nc1 Qd6 27. c4 Ne5 28. Bxd5+ Bxd5 29. Rxd5 Qe6 30. Rf4 Nxc4 31. Rxd8 Rxd8 32. Ne2 Qe3+ 33. Kh1 Qe6 34. b3 Ne3 35. Qf3 Re8 36. Ng3 Qd5 37. Ne4 Kg7 38. Qxe3 g5 39. Rf5 Qxe4+ 40. Qxe4 Rxe4 41. Rxg5+ Kf6 42. Rh5 Kg6 43. Rf5 Re1+ 44. Kg2 Re2+ 45. Kg3 Rxa2 46. Rd5 Ra3 47. Kf4 Rxb3 48. Rd6+ Kf7 49. Rd7+ Ke6 50. Rxa7 h6 51. Rh7 Rb4+ 52. Ke3 Kf6 53. Rxh6+ Kg5 54. Rh8 Kxg4 55. Rf8 b5 56. Rf7 c4 57. Kd4 Rb3 58. Rf2 c3 59. Kd3 b4 60. Ra2 Rb1 61. Kc2 Rf1 62. Kb3 Rf4 63. Re2 Kf3 64. Rh2 Re4 65. Rh3+ Ke2 66. Kc2 Rd4 67. Rh2+ Ke3 68. Rh3+ Ke4 69. Kb3 Kf4 70. Rh1 Ke3 71. Rh3+ Kd2 72. Rh1 Re4 73. Rg1 Re2 74. Rh1 c2 75. Kb2 b3 76. Rg1 Re1 77. Rg2+ Kd1 0-1